Cargando...
Collective agreements-a study manographic
| Autor Corporativo: | |
|---|---|
| Formato: | Printed Book |
| Lenguaje: | English |
| Publicado: |
Employees federation of India
1962
|
| LEADER | 00454nam a22001337a 4500 | ||
|---|---|---|---|
| 005 | 20151215125444.0 | ||
| 008 | 091217t xxu||||| |||| 00| 0 eng d | ||
| 110 | |a Employees federation of India |9 13155 | ||
| 245 | |a Collective agreements-a study manographic | ||
| 260 | |b Employees federation of India |c 1962 | ||
| 300 | |a 36p. | ||
| 942 | |c BK |6 _ | ||
| 999 | |c 104455 |d 104455 | ||
| 952 | |0 0 |1 0 |2 ddc |4 0 |6 _ |7 0 |9 131822 |a SMS |b SMS |c GEN |d 2009-12-17 |p SMS003399 |r 2009-12-17 |w 2009-12-17 |y BK | ||